[Event "SIO (Open)"]
[Site "Twin Falls, ID"]
[Date "2013.11.02"]
[Round "1.3"]
[White "Buus, Jarod N"]
[Black "Roland, Jeffrey T"]
[Result "1-0"]
[WhiteElo "1243"]
[BlackElo "1735"]
[EventRounds "4"]
[EventCountry "USA"]

1. e4 e5 2. f4 d5 3. exd5 e4 4. d3 Qxd5 5. a3 exd3 6. Qxd3 Nf6 7. Nc3 Qxd3 8.
Bxd3 Bd7 9. Be3 Nc6 10. Nf3 O-O-O 11. Ng5 Be8 12. O-O-O h6 13. Bf5+ Kb8 14.
Rxd8+ Nxd8 15. Rd1 Bd6 16. Nge4 Bc6 17. Nxf6 gxf6 18. Ne4 Bxe4 19. Bxe4 Re8
20. Re1 f5 21. Bxf5 Bxf4 22. Kd2 Bg5 23. h4 Bxe3+ 24. Rxe3 Rg8 25. g4 Nc6 26.
Kd3 Rd8+ 27. Ke4 a6 28. Rd3 Re8+ 29. Kf4 Ne7 30. Rd7 f6 31. h5 Nc6 32. Rh7 Nd4
33. Bd3 Re5 34. Rxh6 Ne6+ 35. Kg3 {#r} 1-0

[Event "SIO (Open)"]
[Site "Twin Falls, ID"]
[Date "2013.11.02"]
[Round "2.3"]
[White "Kircher, Caleb Paul"]
[Black "Roland, Jeffrey T"]
[Result "1-0"]
[WhiteElo "1896"]
[BlackElo "1735"]
[EventRounds "4"]
[EventCountry "USA"]

1. e4 e6 2. d3 d5 3. Nd2 c5 4. g3 Nc6 5. Bg2 Nf6 6. Ngf3 Bd6 7. O-O O-O 8. Re1
Qc7 9. Qe2 Nd7 10. Nf1 d4 11. Nh4 Nf6 12. f4 e5 13. f5 Be7 14. Nf3 Bd7 15. h3
Rac8 16. Bg5 h6 17. Bxf6 Bxf6 18. h4 g6 19. g4 gxf5 20. gxf5 Qd8 21. Qf2 Kh7
22. Kh1 Rg8 23. Bh3 Rg7 24. N1h2 h5 25. Rg1 Rxg1+ 26. Rxg1 Qb6 27. Ng5+ Bxg5
28. Rxg5 {#r} 1-0

[Event "Mountain Home Open"]
[Site "Mountain Home, ID"]
[Date "2014.01.11"]
[Round "1.5"]
[White "Roland, Jeffrey T"]
[Black "Brimstein, Wesley M"]
[Result "1-0"]
[WhiteElo "1690"]
[BlackElo "1000"]
[EventRounds "4"]
[EventCountry "USA"]

1. d4 e6 2. c4 d5 3. Nc3 c5 4. cxd5 exd5 5. dxc5 Nf6 6. Bg5 d4 7. Ne4 Be7 8.
Nxf6+ gxf6 9. Bh6 Bxc5 10. e4 f5 11. exf5 Bxf5 12. Bd3 Bg6 13. Ne2 Nc6 14. O-O
Qd6 15. Bf4 Ne5 16. Bb5+ Kd8 17. Qb3 a6 18. Bc4 Qc7 19. Bd5 Rb8 20. Rac1 b6
21. Nxd4 Qd6 22. Bxe5 Qxe5 23. Nc6+ Kc8 24. Nxe5 Re8 25. Nxf7 Re2 26. Qh3+ Kc7
27. b4 Be4 28. Qe6 Bxd5 29. Qxd5 Re7 30. bxc5 bxc5 31. Rxc5+ Kb6 32. Qd6+ Kb7
33. Rb1+ Ka7 34. Qxb8# 1-0

[Event "Mountain Home Open"]
[Site "Mountain Home, ID"]
[Date "2014.01.11"]
[Round "4.4"]
[White "Winchell, Nathanael"]
[Black "Roland, Jeffrey T"]
[Result "0-1"]
[WhiteElo "1015"]
[BlackElo "1690"]
[EventRounds "4"]
[EventCountry "USA"]

1. c4 Nf6 2. d4 g6 3. e3 Bg7 4. Nf3 O-O 5. g3 d5 6. c5 b6 7. cxb6 axb6 8. Bg2
Ba6 9. Nc3 Nc6 10. Ne2 Nb4 11. O-O c5 12. dxc5 bxc5 13. a3 Nd3 14. Qd2 Ne4 15.
Qc2 Rb8 16. Rb1 Qd7 17. Nd2 Nxc1 18. Nxe4 Nxe2+ 19. Kh1 dxe4 20. Rfd1 Qf5 21.
Bxe4 Bb7 22. Qxe2 Bxe4+ 23. Kg1 Bxb1 24. Qe1 Rxb2 {#R} 0-1

[Event "Idaho Closed"]
[Site "Twin Falls, ID"]
[Date "2014.02.15"]
[Round "1.4"]
[White "Roland, Jeffrey T"]
[Black "Patterson, Kevin R"]
[Result "1/2-1/2"]
[WhiteElo "1707"]
[BlackElo "1222"]
[EventRounds "6"]
[EventCountry "USA"]

1. d4 c6 2. e4 d5 3. exd5 cxd5 4. c4 Nf6 5. Nc3 e6 6. Nf3 Nbd7 7. Qa4 Be7 8.
c5 O-O 9. Bd3 Re8 10. h3 Nf8 11. Ne5 Bd7 12. Nxd7 N8xd7 13. Bf4 a6 14. O-O Qc8
15. b4 Nb8 16. b5 h6 17. Rab1 Nbd7 18. bxa6 bxa6 19. Rfe1 Bd8 20. Rb2 Bc7 21.
Bxc7 Qxc7 22. Reb1 Reb8 23. Rxb8+ Nxb8 24. Qb3 Nc6 25. Qa4 e5 26. Bxa6 Nxd4
27. Nb5 Qxc5 28. Nxd4 exd4 29. Qb5 Qxb5 30. Bxb5 Rxa2 31. Bd3 g6 32. Rb4 Ra1+
{#d} 1/2-1/2

[Event "Idaho Closed"]
[Site "Twin Falls, ID"]
[Date "2014.02.16"]
[Round "3.3"]
[White "Roland, Jeffrey T"]
[Black "Bartell, Fred"]
[Result "1-0"]
[WhiteElo "1707"]
[BlackElo "1700"]
[EventRounds "6"]
[EventCountry "USA"]

1. e4 c6 2. d4 g6 3. c4 Bg7 4. Nc3 d6 5. Be3 e6 6. Nf3 Nd7 7. Be2 Ne7 8. Qd2
h5 9. O-O Qc7 10. Rfd1 Nf6 11. e5 dxe5 12. Nxe5 Nd7 13. Bf4 Nxe5 14. dxe5 Bxe5
15. Bxe5 {#r} 1-0

[Event "Idaho Closed"]
[Site "Twin Falls, ID"]
[Date "2014.02.17"]
[Round "5.3"]
[White "Imamovic, Nedzad"]
[Black "Roland, Jeffrey T"]
[Result "1/2-1/2"]
[WhiteElo "1414"]
[BlackElo "1707"]
[EventRounds "6"]
[EventCountry "USA"]

1. e4 e5 2. Nf3 Nf6 3. Nc3 Nc6 4. Bc4 Bc5 5. h3 h6 6. d3 d6 7. Na4 Bb6 8. Nxb6
axb6 9. Be3 Na5 10. Bb5+ c6 11. Ba4 Nc4 12. dxc4 Rxa4 13. Qd3 O-O 14. b3 Ra3
15. O-O Be6 16. Rfd1 Qa8 17. Qxd6 Nxe4 18. Qxe5 Nc5 19. Bxc5 bxc5 20. Qxc5
Rxa2 21. Qd4 Qa3 22. Rxa2 Qxa2 23. Ra1 Qxc2 24. Qb6 Qb2 25. Ra7 Bxc4 26. Rxb7
Bd5 27. Qe3 Ra8 28. Kh2 Qf6 29. Qe5 Ra3 30. Qxf6 gxf6 31. Nd4 Ra2 32. Kg3 Kh7
33. Rb6 Rd2 34. Nxc6 Rd3+ 35. f3 Rxb3 36. Rxb3 Bxb3 37. Nd4 Bc4 38. h4 Kg6 39.
Kf4 Bd3 40. g4 h5 41. Nc6 hxg4 42. fxg4 Kh6 43. h5 f5 44. g5+ Kxh5 45. Ne7 Bc2
46. Nxf5 Kg6 47. Nh4+ Kh5 48. Nf3 Kg6 49. Ne5+ Kg7 50. Ng4 Kg6 51. Ne5+ Kg7
{#d} 1/2-1/2

[Event "Idaho Closed"]
[Site "Twin Falls, ID"]
[Date "2014.02.17"]
[Round "6.1"]
[White "Roland, Jeffrey T"]
[Black "Kircher, Caleb Paul"]
[Result "1/2-1/2"]
[WhiteElo "1707"]
[BlackElo "1911"]
[EventRounds "6"]
[EventCountry "USA"]

1. d4 d5 2. Nf3 c6 3. g3 e6 4. Bg2 f5 5. O-O Nf6 6. Nbd2 Bd6 7. e3 Nbd7 8. c4
O-O 9. Ng5 Qe7 10. f4 h6 11. Ngf3 Ne4 12. c5 Bc7 13. Ne5 Bxe5 14. fxe5 b6 {#d}
1/2-1/2

[Event "MVCC (Championship)"]
[Site "Twin Falls, ID"]
[Date "2014.03.22"]
[Round "3.1"]
[White "Roland, Jeffrey T"]
[Black "Imamovic, Nedzad"]
[Result "1-0"]
[WhiteElo "1672"]
[BlackElo "1707"]
[EventRounds "4"]
[EventCountry "USA"]

1. d4 d5 2. Nf3 Nc6 3. e3 Nf6 4. c4 Bg4 5. Nc3 e6 6. Be2 Bb4 7. O-O Qd7 8. c5
Bxc3 9. bxc3 O-O 10. Bb5 a6 11. Bxc6 Qxc6 12. Qb3 Bxf3 13. gxf3 Nd7 14. Ba3 f5
15. Kh1 Rf6 16. Rg1 f4 17. Raf1 Raf8 18. Qd1 e5 19. e4 Re8 20. Qb3 Rh6 21.
Qxd5+ Qxd5 22. exd5 exd4 23. cxd4 Rh3 24. Kg2 Rh5 25. c6 bxc6 26. dxc6 Nb6 27.
Re1 Rg5+ 28. Kh1 Rxg1+ 29. Rxg1 Re2 30. Rg4 Rxa2 31. Bc5 Nd5 32. Rg5 Nf6 33.
Rf5 Rxf2 34. Rxf4 Kf7 35. d5 Rd2 36. d6 Rxd6 37. Bxd6 Ke6 38. Bxc7 Kd5 39. Bd8
{#r} 1-0

[Event "MVCC (Championship)"]
[Site "Twin Falls, ID"]
[Date "2014.03.22"]
[Round "4.1"]
[White "Bartell, Fred"]
[Black "Roland, Jeffrey T"]
[Result "1/2-1/2"]
[WhiteElo "1762"]
[BlackElo "1672"]
[EventRounds "4"]
[EventCountry "USA"]

1. Nf3 Nf6 2. Nc3 d5 3. e3 c5 4. Bb5+ Bd7 5. Bxd7+ Nbxd7 6. d4 e6 7. O-O Be7
8. b3 O-O 9. Bb2 cxd4 10. exd4 Rc8 11. Re1 Bb4 12. Re3 Bxc3 13. Rxc3 Qa5 14.
Rxc8 Rxc8 15. Qe1 Qa6 16. Qd1 Ne4 17. Ne1 Nc3 18. Qd3 Qxd3 19. cxd3 Nb5 20. a4
Nd6 21. g4 f6 22. f4 g5 23. Rc1 gxf4 24. Rxc8+ Nxc8 25. Kf2 Ne7 26. h4 Kg7 27.
Nf3 e5 28. Ba3 Nc6 29. dxe5 Ncxe5 30. Nxe5 fxe5 31. Kf3 Kg6 32. Bd6 h5 33. d4
{#d} 1/2-1/2

[Event "ICA Players Memorial"]
[Site "Boise, ID"]
[Date "2014.08.23"]
[Round "1.4"]
[White "Roland, Jeffrey T"]
[Black "Faulkner, Graeme K"]
[Result "1/2-1/2"]
[WhiteElo "1718"]
[BlackElo "1171"]
[EventRounds "5"]
[EventCountry "USA"]

1. d4 d5 2. c4 Nf6 3. cxd5 Qxd5 4. Nc3 Qd8 5. e4 c6 6. Nf3 Bg4 7. Be2 Nbd7 8.
Qb3 Qc7 9. Be3 e6 10. O-O Be7 11. Rac1 a6 12. Rfd1 O-O 13. d5 Bd6 14. h3 Bxf3
15. Bxf3 Rfe8 16. dxe6 Rxe6 17. Nd5 Qb8 18. Nb6 Nxb6 19. Bxb6 Nxe4 20. Bg4 Rf6
21. Bf3 Ng5 22. Bg4 Ne4 23. Bf3 Ng5 24. Rd3 Nxf3+ 25. Rxf3 Rxf3 26. Qxf3 Be5
27. Rd1 Bf6 28. Rd7 h6 29. Qb3 Qe8 30. Rxb7 Rb8 31. Ba7 Qe1+ 32. Kh2 Rxb7 33.
Qxb7 Qe5+ 34. g3 Qxb2 35. Qxa6 Qc2 36. a4 c5 37. Qc8+ Kh7 38. Qxc5 Qxa4 39.
Bb6 Qe4 {#d} 1/2-1/2

[Event "ICA Players Memorial"]
[Site "Boise, ID"]
[Date "2014.08.23"]
[Round "3.7"]
[White "Hosford, Michael James"]
[Black "Roland, Jeffrey T"]
[Result "1-0"]
[WhiteElo "1967"]
[BlackElo "1718"]
[EventRounds "5"]
[EventCountry "USA"]

1. e4 e5 2. Nf3 Nc6 3. d4 exd4 4. Bc4 Nf6 5. e5 d5 6. Bb5 Ne4 7. Nxd4 Bd7 8.
Bxc6 bxc6 9. O-O Bc5 10. f3 Ng5 11. f4 Ne4 12. Be3 O-O 13. Nd2 f5 14. Nxe4
fxe4 15. Qd2 Qe7 16. Nb3 Bb6 17. Qc3 g5 18. g3 Bh3 19. Rf2 Bxe3 20. Qxe3 gxf4
21. gxf4 Qe6 22. Kh1 Qh6 23. Rg1+ Kh8 24. Rg3 Be6 25. Nd4 Bd7 26. b4 a5 27.
bxa5 Rxa5 28. Qc3 Rxa2 29. e6 Be8 30. Rfg2 Bg6 31. Nf5+ {#r} 1-0

[Event "ICA Players Memorial"]
[Site "Boise, ID"]
[Date "2014.08.24"]
[Round "4.8"]
[White "Roland, Jeffrey T"]
[Black "Siek, Justin"]
[Result "1-0"]
[WhiteElo "1718"]
[BlackElo "959"]
[EventRounds "5"]
[EventCountry "USA"]

1. e4 e5 2. Nf3 Nc6 3. Bb5 a6 4. Ba4 b5 5. Bb3 Nf6 6. O-O Bc5 7. c3 O-O 8. d4
exd4 9. cxd4 Bb6 10. Bg5 h6 11. Bh4 Qe8 12. Bxf6 gxf6 13. Nc3 d6 14. Nd5 Qd8
15. Qc1 Bb7 16. Qxh6 Bxd4 17. Nxd4 Nxd4 18. Nxf6+ Qxf6 19. Qxf6 Nc6 20. f4
Rae8 21. Rf3 Ne7 22. Rh3 Bxe4 23. Rh8# 1-0

[Event "ICA Players Memorial"]
[Site "Boise, ID"]
[Date "2014.08.24"]
[Round "5.7"]
[White "Zaklan, David Allen"]
[Black "Roland, Jeffrey T"]
[Result "1/2-1/2"]
[WhiteElo "1402"]
[BlackElo "1718"]
[EventRounds "5"]
[EventCountry "USA"]

1. d4 d5 2. c4 e6 3. Nf3 Be7 4. Bf4 Nf6 5. e3 O-O 6. Nc3 c6 7. Bd3 dxc4 8.
Bxc4 b5 9. Bd3 a6 10. O-O Nbd7 11. Rc1 Bb7 12. Ne5 c5 13. Ne2 Rc8 14. f3 Nd5
15. Bb1 Nxe5 16. Bxe5 c4 17. Qc2 g6 18. Qe4 f5 19. Qc2 Nxe3 20. Qd2 Bg5 21.
Rf2 Nxg2 22. f4 Bh4 23. Rxg2 Bxg2 24. Kxg2 Qd5+ 25. Kg1 Qf3 26. Rf1 Qg4+ 27.
Kh1 {#d} 1/2-1/2

[Event "BCC #4"]
[Site "Boise, ID"]
[Date "2014.09.06"]
[Round "1.1"]
[White "Roland, Jeffrey T"]
[Black "Buus, Jarod N"]
[Result "0-1"]
[WhiteElo "1781"]
[BlackElo "1518"]
[EventRounds "4"]
[EventCountry "USA"]

1. g3 c5 2. Bg2 Nc6 3. Nf3 d6 4. O-O e5 5. d3 g6 6. Nc3 Nge7 7. Bg5 h6 8. Bf6
Rh7 9. Qd2 Be6 10. Nh4 Qd7 11. Ne4 Ng8 12. c4 d5 13. cxd5 Bxd5 14. f3 g5 15.
Bxg5 Bxe4 16. fxe4 hxg5 17. Qxg5 Rg7 18. Qd2 Nge7 19. Rf2 O-O-O 20. Raf1 Ng6
21. Nxg6 Rxg6 22. Rxf7 Be7 23. Rh7 Kb8 24. Kh1 Qd6 25. Rff7 c4 26. Bf1 Rf6 27.
Kg2 Rxf7 28. Rxf7 Qe6 29. Rh7 cxd3 30. exd3 Qg6 31. Rh6 Qxe4+ 32. Kh3 Qf5+ 33.
Kg2 e4 34. Qe3 Bg5 35. Rh5 Bxe3 36. Rxf5 exd3 37. Bxd3 Rxd3 38. Kf3 Bc1+ 39.
Ke4 Rd4+ 40. Kf3 Bxb2 41. g4 Rd1 42. Rf8+ Rd8 43. Rxd8+ Nxd8 44. h4 Kc7 45.
Kf4 Kd7 46. Kf5 Ke7 47. g5 Kf7 48. h5 Bg7 49. h6 Bf8 50. g6+ Kg8 51. h7+ Kg7
52. Kg5 Ne6+ {And White now made an illegal move, which was not noticed by
either player. 53.h8Q+ Kxh8 54.Kf6 Nf4 55.Kf7 Bh6 and White's flag fell.} {#R}
0-1

[Event "BCC #4"]
[Site "Boise, ID"]
[Date "2014.09.06"]
[Round "3.2"]
[White "Roland, Jeffrey T"]
[Black "Lang, Jamie"]
[Result "1-0"]
[WhiteElo "1781"]
[BlackElo "1446"]
[EventRounds "4"]
[EventCountry "USA"]

1. d4 Nf6 2. Nf3 d5 3. c4 e6 4. Nc3 Bb4 5. e3 O-O 6. Bd2 b6 7. cxd5 Bxc3 8.
Bxc3 Nxd5 9. Rc1 Bb7 10. Be2 Nd7 11. Bd2 N5f6 12. O-O c5 13. Bb5 cxd4 14. Bb4
Bxf3 15. gxf3 Re8 16. Qxd4 a6 17. Bc6 Rc8 18. Rfd1 e5 19. Qh4 Rc7 20. Bd6 Ra7
21. Ba3 Qb8 22. Qh3 Re6 23. Ba4 Rc7 24. Bb3 Rec6 25. Rxc6 Rxc6 26. Bxf7+ {#r}
1-0

[Event "BCC #4"]
[Site "Boise, ID"]
[Date "2014.09.06"]
[Round "4.2"]
[White "Inman, James"]
[Black "Roland, Jeffrey T"]
[Result "0-1"]
[WhiteElo "1755"]
[BlackElo "1781"]
[EventRounds "4"]
[EventCountry "USA"]

1. d4 d5 2. c4 e6 3. Nc3 Nf6 4. cxd5 exd5 5. Nf3 Be7 6. h3 O-O 7. Bf4 c6 8. e3
Bf5 9. Rc1 Nbd7 10. Be2 Re8 11. O-O h6 12. a3 Nf8 13. b4 Bd6 14. Ne5 Ne4 15.
Bh5 Bg6 16. Nxg6 fxg6 17. Bxd6 Nxc3 18. Rxc3 Qxd6 19. Be2 Ne6 20. Bd3 Ng5 21.
Qc2 Ne4 22. Rb3 g5 23. Bxe4 dxe4 24. Rd1 Qd5 25. Rc3 Rad8 26. Rc5 Qf7 27. a4
Rd5 28. b5 cxb5 29. axb5 g6 30. Rc7 Re7 31. Rc8+ Kg7 32. Rb1 Qe6 33. Qa4 Qxc8
{#R} 0-1

[Event "Southern Idaho Open"]
[Site "Twin Falls, ID"]
[Date "2014.11.08"]
[Round "1.3"]
[White "Roland, Jeffrey T"]
[Black "Amen, Chris"]
[Result "0-1"]
[WhiteElo "1729"]
[BlackElo "1526"]
[EventRounds "4"]
[EventCountry "USA"]

1. d4 Nf6 2. c4 g6 3. Nc3 Bg7 4. e4 d6 5. Nf3 O-O 6. Be2 e5 7. dxe5 dxe5 8.
Bg5 Qe8 9. Nd5 Nxd5 10. cxd5 h6 11. Be3 f5 12. Bc5 Rf7 13. exf5 Bxf5 14. Qb3
Nd7 15. Be3 Nb6 16. O-O Rd8 17. Rfd1 Kh7 18. a4 Rfd7 19. Bxb6 axb6 20. Rac1
Qf7 21. Bc4 Rd6 22. Qe3 Qe7 23. Nd4 c6 24. Nxf5 gxf5 25. Be2 cxd5 26. b4 d4
27. Qf3 Qg5 28. Qxb7 d3 29. Bf1 Qf4 30. Rc7 Rg6 31. a5 Qxb4 32. a6 d2 33. Rc8
Qa4 34. Be2 Rxc8 35. Qxc8 Qe4 36. Rxd2 Qxg2# 0-1

[Event "Southern Idaho Open"]
[Site "Twin Falls, ID"]
[Date "2014.11.08"]
[Round "2.3"]
[White "Buus, Jarod N"]
[Black "Roland, Jeffrey T"]
[Result "1-0"]
[WhiteElo "1633"]
[BlackElo "1729"]
[EventRounds "4"]
[EventCountry "USA"]

1. e4 e5 2. f4 d5 3. exd5 Qxd5 4. Nc3 Qd8 5. Nf3 exf4 6. Bc4 Be6 7. Qe2 Qf6 8.
d4 Be7 9. Nb5 Na6 10. O-O c6 11. Nc3 Nc7 12. Ne5 Bxc4 13. Qxc4 Qe6 14. Bxf4 f6
15. Qxe6 Nxe6 16. Nc4 Nxd4 17. Rad1 Rd8 18. Na5 Nxc2 19. Nxb7 Rd4 20. Nd6+
Bxd6 21. Bxd6 Kf7 22. Bc5 Rc4 23. Bxa7 Ke6 24. Rf2 Nb4 25. Re2+ {#r} 1-0

[Event "Southern Idaho Open"]
[Site "Twin Falls, ID"]
[Date "2014.11.08"]
[Round "3.4"]
[White "Roland, Jeffrey T"]
[Black "Bartell, Fred"]
[Result "1-0"]
[WhiteElo "1729"]
[BlackElo "1679"]
[EventRounds "4"]
[EventCountry "USA"]

1. e4 c5 2. Nf3 b6 3. d4 e6 4. Bf4 Bb7 5. Nc3 Nf6 6. Bd3 Nc6 7. d5 exd5 8.
exd5 Nb4 9. d6 Qc8 10. Qe2+ Kd8 11. Ng5 Bxd6 12. Nxf7+ Kc7 13. Bxd6+ Kc6 14.
Bb5# 1-0

[Event "Western Idaho Open"]
[Site "Boise, ID"]
[Date "2014.12.13"]
[Round "2.102"]
[White "Roland, Jeffrey T"]
[Black "Kircher, Caleb Paul"]
[Result "1-0"]
[WhiteElo "1703"]
[BlackElo "1882"]
[EventRounds "5"]
[EventCountry "USA"]

1. d4 e6 2. c4 f5 3. g3 Nf6 4. Bg2 Bb4+ 5. Nc3 O-O 6. Nh3 Qe7 7. O-O Bxc3 8.
bxc3 d6 9. Qb3 Nbd7 10. Nf4 Kh8 11. Rb1 Rb8 12. c5 d5 13. Qa4 Ra8 14. c6 Nb6
15. Rxb6 cxb6 16. Ba3 Qe8 17. Bxf8 Qxf8 18. cxb7 Bxb7 19. c4 Qd6 20. cxd5 Nxd5
21. Bxd5 Bxd5 22. Rc1 Bb7 23. Qc4 Re8 24. Qc7 Qe7 25. Qe5 Qa3 26. Rc7 Re7 27.
f3 Kg8 28. Rxe7 Qxe7 29. Qb8+ Kf7 30. Qxa7 Qc7 31. Nd3 Kf6 32. Qa3 Qc2 33.
Qf8+ Kg6 34. Nf4+ Kh6 35. Nxe6 Qc1+ 36. Kf2 Bd5 37. Qxg7+ Kh5 38. Nf4+ {#r}
1-0

[Event "Western Idaho Open"]
[Site "Boise, ID"]
[Date "2014.12.13"]
[Round "3.102"]
[White "Roland, Jeffrey T"]
[Black "Pitre, H G."]
[Result "0-1"]
[WhiteElo "1703"]
[BlackElo "1879"]
[EventRounds "5"]
[EventCountry "USA"]

1. d4 Nf6 2. c4 g6 3. Nc3 d5 4. cxd5 Nxd5 5. e4 Nxc3 6. bxc3 Bg7 7. Bc4 O-O 8.
Ne2 Bg4 9. f3 Bd7 10. O-O Nc6 11. Bg5 Na5 12. Bd3 Rc8 13. d5 h6 14. Be3 c5 15.
Qd2 Kh7 16. Rab1 b6 17. Ba6 e6 18. Rfd1 exd5 19. Qxd5 Be6 {#R} 0-1

[Event "Western Idaho Open"]
[Site "Boise, ID"]
[Date "2014.12.14"]
[Round "4.103"]
[White "Zaklan, David Allen"]
[Black "Roland, Jeffrey T"]
[Result "0-1"]
[WhiteElo "1879"]
[BlackElo "1703"]
[EventRounds "5"]
[EventCountry "USA"]

1. d4 d5 2. Nf3 Nf6 3. c4 e6 4. e3 Be7 5. Bd3 dxc4 6. Bxc4 O-O 7. O-O Nbd7 8.
Nbd2 c5 9. b3 cxd4 10. Nxd4 Nb6 11. Be2 e5 12. Nc2 Bf5 13. Bb2 Rc8 14. Rc1 Bd6
15. Na3 Qe7 16. Nac4 Nxc4 17. Nxc4 Bb8 18. Ba3 Qe6 19. Bxf8 Kxf8 20. Qd2 Ne4
21. Qb4+ Kg8 22. Qxb7 Nc5 23. Qb4 Qg6 24. Rfd1 h6 25. Rd5 Be4 26. Bf1 Bxd5 27.
Rd1 Bxc4 28. Bxc4 e4 29. Qa5 Qb6 30. Qe1 Rd8 31. Rb1 Qd6 32. g3 Qd2 33. Qf1
Be5 34. Bxf7+ Kxf7 35. Qc4+ Qd5 36. Qe2 g6 37. b4 Qd3 38. Qe1 Na4 39. b5 Nc3
40. Rb3 Qc2 41. Kg2 Rd1 42. Qxd1 Nxd1 43. b6 Qxf2+ 44. Kh3 Qf1+ 45. Kg4 Nf2+
{#R} 0-1

[Event "Western Idaho Open"]
[Site "Boise, ID"]
[Date "2014.12.14"]
[Round "5.101"]
[White "Roland, Jeffrey T"]
[Black "Lucky, David"]
[Result "0-1"]
[WhiteElo "1703"]
[BlackElo "2375"]
[EventRounds "5"]
[EventCountry "USA"]

1. d4 Nf6 2. c4 e6 3. Nc3 Bb4 4. a3 Bxc3+ 5. bxc3 c5 6. e3 O-O 7. Nf3 d6 8.
Bd3 Nc6 9. O-O e5 10. Be2 Bg4 11. d5 Na5 12. h3 Bh5 13. Nh4 Bxe2 14. Qxe2 Nxd5
15. cxd5 Qxh4 16. Bb2 Qc4 17. Qxc4 Nxc4 18. Bc1 e4 19. f3 f5 20. f4 Kf7 21.
Kf2 Rg8 22. g4 g5 23. Kg3 Kf6 24. Ra2 Raf8 25. Raf2 fxg4 26. fxg5+ Kg7 27.
Rxf8 Rxf8 28. Rxf8 Kxf8 29. Kxg4 Nb6 30. Kf5 Nxd5 31. Ke6 Nxc3 32. Kxd6 c4 33.
a4 Na2 34. Ba3 c3 35. Kd5+ Kf7 36. Kxe4 c2 37. Kf5 c1=Q 38. Bxc1 Nxc1 39. h4
Nb3 40. h5 Nc5 41. g6+ hxg6+ 42. hxg6+ Kg7 43. a5 Nb3 44. a6 b5 45. Ke5 b4 46.
Kd5 Na5 47. e4 b3 48. e5 b2 {#R} 0-1

[Event "Idaho Closed"]
[Site "Twin Falls, ID"]
[Date "2015.02.15"]
[Round "4.7"]
[White "Bartell, Fred"]
[Black "Roland, Jeffrey T"]
[Result "0-1"]
[WhiteElo "1609"]
[BlackElo "1730"]
[EventRounds "6"]
[EventCountry "USA"]

1. Nf3 Nf6 2. Nc3 d5 3. e3 a6 4. b3 g6 5. Bb2 Bg7 6. Be2 O-O 7. d4 Nbd7 8. Rc1
c5 9. Ba3 Qa5 10. Bb2 Ne4 11. Qd3 b5 12. dxc5 Ndxc5 13. Qxd5 Bb7 {#R} 0-1

[Event "Idaho Closed"]
[Site "Twin Falls, ID"]
[Date "2015.02.16"]
[Round "5.5"]
[White "Roland, Jeffrey T"]
[Black "Amen, Chris"]
[Result "1-0"]
[WhiteElo "1730"]
[BlackElo "1683"]
[EventRounds "6"]
[EventCountry "USA"]

1. d4 Nf6 2. c4 g6 3. Nc3 d5 4. e3 Bg7 5. Qb3 dxc4 6. Bxc4 O-O 7. Nf3 a6 8.
Ne5 e6 9. a4 Nfd7 10. Nxf7 Rxf7 11. Bxe6 Qf6 12. Ne4 Qe7 13. Bxf7+ Qxf7 14.
Qxf7+ Kxf7 15. Ng5+ Kg8 16. Ne6 c6 17. Bd2 Nf6 18. Nxg7 Kxg7 19. f3 Be6 20. a5
Nbd7 21. Rc1 Re8 22. e4 Nxe4 23. fxe4 {#r} 1-0

[Event "Idaho Closed"]
[Site "Twin Falls, ID"]
[Date "2015.02.16"]
[Round "6.2"]
[White "Kircher, Caleb Paul"]
[Black "Roland, Jeffrey T"]
[Result "1-0"]
[WhiteElo "1819"]
[BlackElo "1730"]
[EventRounds "6"]
[EventCountry "USA"]

1. e4 c5 2. Nc3 Nc6 3. f4 e6 4. Nf3 d5 5. Bb5 Nge7 6. d3 a6 7. Bxc6+ Nxc6 8.
O-O Be7 9. e5 b5 10. Ne2 O-O 11. Ng3 f6 12. Re1 f5 13. d4 cxd4 14. Nxd4 Nxd4
15. Qxd4 Qc7 16. Qd3 Bb7 17. Be3 Bh4 18. Bd4 Rac8 19. c3 g5 20. Rf1 Qc4 21.
Qe3 g4 22. Nh5 Qc6 23. h3 Qe8 24. hxg4 Qg6 25. Nf6+ Kf7 26. gxf5 Qxf5 27. g4
Rg8 28. Kh1 Qc2 29. Nxg8 Kxg8 30. Qh3 Qe4+ 31. Qf3 Qc2 32. f5 Rf8 33. f6 Kf7
34. Qg2 Qg6 35. Rf3 {#r} 1-0

[Event "Idaho Open"]
[Site "Boise, ID"]
[Date "2015.06.20"]
[Round "2.1"]
[White "Lucky, David"]
[Black "Roland, Jeffrey T"]
[Result "1-0"]
[WhiteElo "2379"]
[BlackElo "1718"]
[EventRounds "5"]
[EventCountry "USA"]

1. Nf3 Nf6 2. d4 d5 3. c4 e6 4. Nc3 Be7 5. Bf4 c6 6. e3 O-O 7. h3 Nbd7 8. c5
Ne4 9. Qc2 Qa5 10. Bd3 f5 11. O-O Ndf6 12. Ne2 Qd8 13. b4 Nd7 14. b5 g5 15.
bxc6 bxc6 16. Bh2 g4 17. hxg4 Bf6 18. gxf5 exf5 19. Qa4 Ndxc5 20. dxc5 Bxa1
21. Rxa1 Nxc5 22. Qxc6 Nxd3 23. Qxa8 Qa5 24. Qc6 Qd8 25. Rd1 Rf6 26. Qc3 {#r}
1-0

[Event "Idaho Open"]
[Site "Boise, ID"]
[Date "2015.06.20"]
[Round "3.5"]
[White "Aderogba, Temiloluwa"]
[Black "Roland, Jeffrey T"]
[Result "0-1"]
[WhiteElo "1159"]
[BlackElo "1718"]
[EventRounds "5"]
[EventCountry "USA"]

1. c4 Nf6 2. Nc3 e5 3. a3 c5 4. g3 d5 5. cxd5 Nxd5 6. e4 Nxc3 7. dxc3 Qxd1+ 8.
Kxd1 Be6 9. Kc2 Be7 10. Nf3 f6 11. Be3 a6 12. Rd1 Nc6 13. Be2 Na5 14. Rd2 Kf7
15. Kb1 Nb3 16. Rc2 Rhd8 17. h4 c4 18. Nd2 Na5 19. b4 cxb3 20. Rcc1 Bxa3 21.
Rcd1 Rdc8 22. Bb6 Nc4 23. Nxc4 Bxc4 24. Bxc4+ Rxc4 25. Rd7+ Ke6 26. Rd3 a5 27.
Rhd1 a4 28. f4 Rxe4 29. Rf3 g6 30. fxe5 fxe5 31. Rdf1 Ra6 32. Rf6+ Kd5 33. c4+
Kxc4 34. Bc7 Rxf6 35. Rxf6 Re1# 0-1

[Event "Idaho Open"]
[Site "Boise, ID"]
[Date "2015.06.21"]
[Round "4.2"]
[White "Roland, Jeffrey T"]
[Black "Kircher, Caleb Paul"]
[Result "1/2-1/2"]
[WhiteElo "1718"]
[BlackElo "1849"]
[EventRounds "5"]
[EventCountry "USA"]

1. d4 g6 2. g3 Bg7 3. Bg2 c5 4. e3 cxd4 5. exd4 d5 6. Ne2 Nf6 7. O-O O-O 8.
Nd2 Nc6 9. c3 b6 10. Re1 e6 11. Nf3 Ne4 12. Bf4 Bb7 13. Rc1 Rc8 14. Nd2 Nxd2
15. Qxd2 Na5 16. b3 b5 17. Be3 Qb6 18. Nf4 Rc6 19. Nd3 Ba8 20. Ne5 Rc7 21. Bf4
Nc6 22. Ng4 Rd7 23. Bh6 Qd8 24. Bxg7 Kxg7 25. Qh6+ Kh8 26. h4 Rg8 27. Qf4 Kg7
28. Qh6+ Kh8 29. Qf4 Kg7 {#d} 1/2-1/2